| Tag |
First Indicator |
Second Indicator |
Subfields |
| LEADER |
00000cam a2200000 a 4500 |
| 001 |
in00002011985 |
| 005 |
20211202202636.0 |
| 006 |
m d f |
| 007 |
cr mn- |
| 008 |
040825s2004 vauab sb f000 0 eng d |
| 035 |
|
|
|a (OCoLC)ocm56350761
|
| 040 |
|
|
|a GIS
|c GIS
|d GPO
|d DLC
|d MvI
|d UtOrBLW
|
| 043 |
|
|
|a n-us-ca
|
| 049 |
|
|
|a WWW
|
| 074 |
|
|
|a 0624-H (online)
|
| 086 |
0 |
|
|a I 19.76:2004-1304
|
| 245 |
0 |
0 |
|a Preliminary report on using imaging spectroscopy to map ultramafic rocks, serpentinites, and tremolite-actinolite-bearing rocks in California /
|c by Gregg A. Swayze [and others].
|
| 250 |
|
|
|a Version 1.0.
|
| 264 |
|
1 |
|a [Reston, Va.] :
|b U.S. Geological Survey,
|c 2004.
|
| 336 |
|
|
|a text
|b txt
|2 rdacontent
|
| 337 |
|
|
|a computer
|b c
|2 rdamedia
|
| 338 |
|
|
|a online resource
|b cr
|2 rdacarrier
|
| 490 |
1 |
|
|a Open-file report ;
|v 2004-1304
|
| 538 |
|
|
|a Mode of access: Internet from the USGS web site. Address as of 10/7/04: http://pubs.usgs.gov/of/2004/1304/; current access is available via PURL.
|
| 500 |
|
|
|a Title from PDF title screen (viewed on Aug. 25, 2004).
|
| 504 |
|
|
|a Includes bibliographical references.
|
| 500 |
|
|
|a Electronic resource.
|
| 650 |
|
0 |
|a Asbestos
|z California
|x Remote sensing.
|
| 650 |
|
0 |
|a Aerial photography in geology
|z California.
|
| 650 |
|
0 |
|a Multispectral imaging.
|
| 700 |
1 |
|
|a Swayze, Gregg A.
|q (Gregg Alan)
|
| 710 |
2 |
|
|a Geological Survey (U.S.)
|
| 830 |
|
0 |
|a U.S. Geological Survey open-file report ;
|v 2004-1304.
|
| 856 |
4 |
0 |
|u https://purl.fdlp.gov/GPO/LPS54614
|z PURL leads to a screen from where the document may be downloaded
|t 0
|
| 999 |
|
|
|a MARS
|
| 999 |
f |
f |
|s 6e2d3839-2eff-35e0-bdf9-e075c26dd3cb
|i 0b1fedb5-a74e-3d36-bbea-4fa809e4c3ff
|t 0
|
| 952 |
f |
f |
|a Texas A&M University
|b College Station
|c Electronic Resources
|d Available Online
|t 0
|e I 19.76:2004-1304
|h Superintendent of Documents classification
|
| 998 |
f |
f |
|a I 19.76:2004-1304
|t 0
|l Available Online
|